| Tag |
First Indicator |
Second Indicator |
Subfields |
| LEADER |
00000cam a2200000Ia 4500 |
| 001 |
in00002457721 |
| 005 |
20210727074445.0 |
| 006 |
m d |
| 007 |
cr cn||||||||| |
| 008 |
081017s2005 gw a sb 100 0 eng d |
| 020 |
|
|
|a 3540276262
|
| 020 |
|
|
|a 9783540276265
|
| 035 |
|
|
|a (OCoLC)262680310
|
| 035 |
|
|
|a (OCoLC)ocn262680310
|
| 035 |
|
|
|a 3070185
|
| 037 |
|
|
|a 978-3-540-24082-2
|b Springer
|n http://www.springerlink.com
|
| 040 |
|
|
|a GW5XE
|b eng
|c GW5XE
|d UtOrBLW
|
| 049 |
|
|
|a TEFA
|
| 050 |
1 |
4 |
|a RC361
|b .O67 2005eb
|
| 060 |
1 |
4 |
|a W1
|b ER72 v.53 2005
|
| 060 |
1 |
4 |
|a WL 359
|b O62 2005
|
| 072 |
|
7 |
|a RC
|2 lcco
|
| 082 |
0 |
4 |
|a 616.8
|2 22
|
| 245 |
0 |
0 |
|a Opportunities and challenges of the therapies targeting CNS regeneration /
|c H.D. Perez, B. Mitrovic, A. Baron van Evercooren, editors.
|
| 264 |
|
1 |
|a Berlin ;
|a New York :
|b Springer,
|c 2005.
|
| 300 |
|
|
|a xiii, 186 pages :
|b illustrations (some color) ;
|c 22 cm.
|
| 336 |
|
|
|a text
|b txt
|2 rdacontent
|
| 337 |
|
|
|a computer
|b c
|2 rdamedia
|
| 338 |
|
|
|a online resource
|b cr
|2 rdacarrier
|
| 490 |
1 |
|
|a Ernst Schering Research Foundation workshop,
|x 0947-6075 ;
|v 53
|
| 500 |
|
|
|a Electronic resource.
|
| 504 |
|
|
|a Includes bibliographical references.
|
| 533 |
|
|
|a Electronic reproduction.
|b New York :
|c Springer,
|d 2008.
|n Mode of access: World Wide Web.
|n System requirements: Web browser.
|n Title from title screen (viewed on Oct. 10, 2008).
|n Access may be restricted to users at subscribing institutions.
|
| 650 |
1 |
2 |
|a Neurodegenerative Diseases
|x therapy.
|0 https://id.nlm.nih.gov/mesh/D019636Q000628
|
| 650 |
2 |
2 |
|a Myelin Sheath
|x physiology.
|0 https://id.nlm.nih.gov/mesh/D009186Q000502
|
| 650 |
2 |
2 |
|a Nerve Regeneration.
|0 https://id.nlm.nih.gov/mesh/D009416
|
| 655 |
|
2 |
|a Congress.
|0 https://id.nlm.nih.gov/mesh/D016423
|
| 650 |
|
0 |
|a Central nervous system
|x Diseases
|x Treatment
|v Congresses.
|
| 650 |
|
0 |
|a Central nervous system
|x Regeneration
|v Congresses.
|
| 655 |
|
7 |
|a Electronic books.
|2 local
|
| 700 |
1 |
|
|a Baron van Evercooren, A.
|0 http://id.loc.gov/authorities/names/n2005077114
|
| 700 |
1 |
|
|a Mitrovic, B.
|q (Branka)
|0 http://id.loc.gov/authorities/names/n2005077113
|
| 700 |
1 |
|
|a Perez, H. D.
|q (H. Daniel),
|d 1949-
|0 http://id.loc.gov/authorities/names/n99804222
|
| 710 |
2 |
|
|a SpringerLink (Online service)
|0 http://id.loc.gov/authorities/names/no2005046756
|
| 776 |
1 |
|
|c Original
|z 3540240829
|z 9783540240822
|w (DLC) 2004117277
|w (OCoLC)60520266
|
| 830 |
|
0 |
|a Ernst Schering Research Foundation workshop.
|x 0947-6075 ;
|v 53.
|0 http://id.loc.gov/authorities/names/n94037553
|
| 856 |
4 |
0 |
|u http://proxy.library.tamu.edu/login?url=https://dx.doi.org/10.1007/3-540-27626-2
|z Connect to the full text of this electronic book
|t 0
|
| 856 |
4 |
2 |
|3 Publisher description
|u http://www.loc.gov/catdir/enhancements/fy0663/2004117277-d.html
|t 0
|
| 994 |
|
|
|a C0
|b TEF
|
| 999 |
|
|
|a MARS
|
| 999 |
f |
f |
|s 0e0bc02d-1162-34d1-b7c6-441c314cc815
|i 2e561be0-5782-31f3-bf85-b13151cf0058
|t 0
|
| 952 |
f |
f |
|a Texas A&M University
|b College Station
|c Electronic Resources
|d Available Online
|t 0
|e RC361 .O67 2005eb
|h Library of Congress classification
|
| 998 |
f |
f |
|a RC361 .O67 2005eb
|t 0
|l Available Online
|